Geography. (Record no. 550088)

000 -LEADER
fixed length control field 00800nam a2200193 a 4500
020 ## - INTERNATIONAL STANDARD BOOK NUMBER
International Standard Book Number 1561733245
082 00 - DEWEY DECIMAL CLASSIFICATION NUMBER
Classification number 030
Author Mark PUB
-- L-NUST, P-47
245 00 - TITLE STATEMENT
Title Geography.
260 ## - PUBLICATION, DISTRIBUTION, ETC.
Place of publication, distribution, etc. Lincolnwood, Ill. :
Name of publisher, distributor, etc. Publications International,
Date of publication, distribution, etc. c1992.
300 ## - PHYSICAL DESCRIPTION
Extent 32 p. :
Other physical details col. ill., col. maps ;
Dimensions 29 cm.
500 ## - GENERAL NOTE
General note At head of title: Encyclopaedia Britannica.
500 ## - GENERAL NOTE
General note Includes index.
520 ## - SUMMARY, ETC.
Summary, etc. Presents geographic trivia in brief paragraphs, for example why the coast of North Carolina is called the "Graveyard of the Atlantic," and how places in the United States are named.
526 ## - STUDY PROGRAM INFORMATION NOTE
Program name 0
Interest level 0
Reading level 0
Title point value 030_000000000000000_PUB
650 #0 - SUBJECT ADDED ENTRY--TOPICAL TERM
Topical term or geographic name entry element Geography
General subdivision Juvenile literature.
9 (RLIN) 46833
650 #1 - SUBJECT ADDED ENTRY--TOPICAL TERM
Topical term or geographic name entry element Geography
General subdivision Miscellanea.
9 (RLIN) 46834
710 2# - ADDED ENTRY--CORPORATE NAME
Corporate name or jurisdiction name as entry element Publications International, Ltd.
9 (RLIN) 46835
942 ## - ADDED ENTRY ELEMENTS (KOHA)
Source of classification or shelving scheme
Koha item type Book
Holdings
Withdrawn status Lost status Source of classification or shelving scheme Damaged status Not for loan Permanent Location Current Location Date acquired Total Checkouts Full call number Barcode Date last seen Date last checked out Price effective from Koha item type
          Military College of Engineering (MCE) Military College of Engineering (MCE) 10/24/2014 1 030 PUB MCE-44608 04/21/2020 03/26/2020 10/24/2014 Book
© 2023 Central Library, National University of Sciences and Technology. All Rights Reserved.